000
00337nam a2200145Ia 4500
008
230718s9999 xx 000 0 und d
041
_a
Eng.
082
_a
346.048
_b
LLE-I
100
_a
Llewelyn Cornish
245
0
_a
Intellectual Property
260
_a
Pakistan
_b
Sweet maxwell
_c
2010
300
_a
1997
650
_a
Law
999
_c
29932
_d
29932